000 00348nam a2200109Ia 4500
008 160609s9999 xx 000 0 und d
100 _aBrewerBrewer, Pam Estes.
245 _aInternational Virtual Teams: Engineering Global Success
245 _cBy:Pam Estes Brewer
260 _c2015
856 _uhttp://file.ebook777.com/003/IntVirTeaEngGloSuc.pdf
999 _c295657
_d295657